| 000 | 00834cam a2200277 4500 | ||
|---|---|---|---|
| 999 |
_c5693 _d5693 |
||
| 001 | 2672442 | ||
| 003 | OSt | ||
| 005 | 20220609104428.0 | ||
| 008 | 730503s1972 sz ab 001 0 eng | ||
| 010 | _a73159167 | ||
| 015 | _aB72-09644 | ||
| 020 | _a0119504189 | ||
| 040 |
_aDLC _cALUPE UNIVERSITY _dDLC |
||
| 050 | 0 | 0 |
_aRA639 _b.V43 1972 |
| 082 | 0 | 0 | _a614.4/3 |
| 110 | 2 | _aWorld Health Organization. | |
| 245 | 1 | 0 |
_aVector control in international health; _c[edited by J. V. Smith and R. Pal]. |
| 260 |
_aGeneva, _bW.H.O.; _a[London], _b[H.M.S.O.], _cc1972. |
||
| 300 |
_avi, 144 p. _bills., map. _c28 cm. |
||
| 350 | _a$8.00 (U.S.) | ||
| 500 | _aIncludes index | ||
| 650 | 0 | _aVector control. | |
| 650 | 0 |
_aPublic health _xInternational cooperation. |
|
| 906 |
_a7 _bcbc _corignew _d3 _encip _f19 _gy-gencatlg |
||
| 942 |
_2lcc _cBK _nAB |
||